Country names in Welsh - Statistics

General Stats
  • This quiz has been taken 89 times
  • The average score is 13 of 16
Answer Stats
Welsh Name English Name % Correct
Awstria Austria
100%
Denmarc Denmark
99%
Ffrainc France
99%
Fietnam Vietnam
97%
Hwngari Hungary
96%
Seland Newydd New Zealand
87%
Iwerddon Ireland
82%
Twrci Turkey
82%
Yr Almaen Germany
78%
Wcráin Ukraine
78%
Lloegr England
74%
Yr Unol Daleithiau United States
72%
Tsieina China
69%
Gwlad Pwyl Poland
60%
Ynys yr Iâ Iceland
56%
Yr Ariannin Argentina
44%
No matching quizzes found
Score Distribution
Percent of People with Each Score
Percentile by Number Answered
Your Score History
You have not taken this quiz